000 00293nam a2200145Ia 4500
100 _aAkhmetov/ N
650 _aChemistry
942 _cBK
654 _aINorganic
245 _aInorganic Chemistry
260 _bMir Publishers
_c1973
082 _a546
300 _a565
546 _aENGLISH
999 _c18399
_d18399